000 00440cam a2200157 4500
008 090521n 000 0 eng u
020 _a8121904625
035 _a(Sirsi) a165413
040 _aCIP
050 _aQK 711 JAI 2003
100 _aJain, V. K.
245 _aFundamentals of Plant Physiology/
_cV. K. Jain
260 _aNew Delhi:
_bS. Chand and Compnay Ltd.,
_c2003
300 _axii, 476p.
_bill.
650 _aPlant-- Physiology
999 _c110927
_d110927